Memoria ambiental y reconciliación: (Registro nro. 20839)

Detalles MARC
000 -CABECERA
Campo de control 00762nam a22002297a 4500
005 - FECHA Y HORA DE LA ULTIMA TRANSACCION
Campo de control 20200211134253.0
008 - ELEMENTOS DE LONGITUD FIJA—INFORMACION GENERAL
Campo de control 200211b xxu||||| |||| 00| 0 spa d
040 ## - FUENTE DE CATALOGACIÓN
Agencia catalogadora original CO-BoIAVH
Agencia transcriptora CO-BoIAVH
041 ## - IDIOMA
Código de idioma para texto/pista de sonido o título separado Español
044 ## - PAÍS DE PUBLICACIÓN
País de publicación Colombia
082 ## - NUMERO DE CLASIFICACION DECIMAL DEWEY
Número de clasificación 304.2
Número del ítem T58m
100 ## - ASIENTO PRINCIPAL--NOMBRE PERSONAL
9 (RLIN) 102667
Nombre personal Toloza Chaparro, Jessica
245 ## - MENCION DE TITULO
Título Memoria ambiental y reconciliación:
Parte restante del título La enunciación de la vida.
260 ## - PUBLICACION, DISTRIBUCION, ETC. (PIE DE IMPRENTA)
Lugar de publicación, distribución, etc. Bogotá:
Nombre del editor, distribuidor, etc. CENSAT Agua Viva - Amigos de la tierra Colombia,
Fecha de publicación, distribución, etc. 2018.
300 ## - DESCRIPCION FISICA
Extensión 53 Páginas:
Dimensiones 21 x 14 cm.
650 #0 - ASIENTO SECUNDARIO DE MATERIA - TERMINO TEMATICO
9 (RLIN) 4105
Término temático o nombre geográfico como elemento de entrada Impacto ambiental
Subdivisión geográfica Colombia
650 #0 - ASIENTO SECUNDARIO DE MATERIA - TERMINO TEMATICO
9 (RLIN) 102664
Término temático o nombre geográfico como elemento de entrada memoria ambiental
650 #0 - ASIENTO SECUNDARIO DE MATERIA - TERMINO TEMATICO
9 (RLIN) 25087
Término temático o nombre geográfico como elemento de entrada Conservación del medio ambiente
650 #0 - ASIENTO SECUNDARIO DE MATERIA - TERMINO TEMATICO
9 (RLIN) 53562
Término temático o nombre geográfico como elemento de entrada Historia
Subdivisión geográfica Colombia
710 ## - ASIENTO SECUNDARIO - NOMBRE CORPORATIVO
9 (RLIN) 67046
Nombre corporativo o de jurisdicción como elemento de entrada Heinrich-Böll-Stiftung
942 ## - ELEMENTOS ADICIONALES (KOHA)
Sistema de clasificación Dewey Decimal Classification
Tipo de ítem Libro
Existencias
Withdrawn status Lost status Sistema de Clasificación Damaged status No para préstamo Colección Ubicación Permanente Ubicación actual Fecha de adquisición Total Checkouts Número topográfico Inventario / Código de Barras Date last seen Ejemplar Price effective from Forma de adquisición Tipo de material
    Dewey Decimal Classification     General Bogotá Bogotá 11/02/2020   LB-304.2 T58m 044183 11/02/2020 Ej. 1 11/02/2020 Canje Libro
    Dewey Decimal Classification     General Bogotá Bogotá 11/02/2020   LB-304.2 T58m 044184 11/02/2020 Ej. 2 11/02/2020 Canje Libro
    Dewey Decimal Classification     General Bogotá Bogotá 11/02/2020   LB-304.2 T58m 044185 11/02/2020 Ej. 3 11/02/2020 Canje Libro
    Dewey Decimal Classification     General Bogotá Bogotá 11/02/2020   LB-304.2 T58m 044186 11/02/2020 Ej. 4 11/02/2020 Canje Libro